[Event "BCF-ch"]
[Site "Hull"]
[Date "2024.08.02"]
[Round "7"]
[White "Evans, Ruben Nangalia"]
[Black "Hryshchenko, Kamila"]
[Result "1-0"]
[WhiteElo "1954"]
[BlackElo "2181"]
[PlyCount "101"]
[EventDate "2024.07.27"]
[EventType "swiss"]
[EventRounds "9"]
[EventCountry "ENG"]
[SourceTitle "CBM 221 Extra"]
[Source "ChessBase"]
[SourceDate "2024.09.30"]
[SourceVersion "1"]
[SourceVersionDate "2024.09.30"]
[SourceQuality "1"]

1. d4 d6 2. c4 g6 3. Nc3 Bg7 4. e4 Nf6 5. Be2 0-0 6. Nf3 e5 7. 0-0 Nc6 8. d5 Ne7 9. Ne1 Nd7 10. Be3 f5 11. f3 h5 12. Rc1 f4 13. Bf2 g5 14. c5 a6 15. cxd6 cxd6 16. Qb3 Rf6 17. Qa3 Ng6 18. Nb5 Ndf8 19. Nc7 Rb8 20. Ba7 Bd7 21. Bxb8 Qxb8 22. Qb3 Qa7+ 23. Kh1 g4 24. a4 g3 25. h3 Qb8 26. Rc2 Qd8 27. Ne6 Qe7 28. Qxb7 Rf7 29. Rg1 Qh4 30. Qb3 Nh7 31. Bf1 Ngf8 32. Rc7 Ng5 33. Nxg5 Bxh3 34. Nxh3 Rxc7 35. Qb4 Qd8 36. Bxa6 Nh7 37. Bf1 Ng5 38. a5 Rc1 39. Qd2 Ra1 40. b4 Bh6 41. Qc3 Ra2 42. Nc2 Qd7 43. b5 Ra4 44. b6 Rxe4 45. fxe4 Nxe4 46. Qf3 Nf6 47. Bd3 Qd8 48. Bf5 e4 49. Bxe4 Ng4 50. Rf1 Qh4 51. b7 1-0

[Event "BCF-ch"]
[Site "Hull"]
[Date "2024.07.31"]
[Round "5"]
[White "Evans, Ruben Nangalia"]
[Black "Brewer, Callum D"]
[Result "1/2-1/2"]
[WhiteElo "1954"]
[BlackElo "2182"]
[PlyCount "53"]
[EventDate "2024.07.27"]
[EventType "swiss"]
[EventRounds "9"]
[EventCountry "ENG"]
[SourceTitle "CBM 221 Extra"]
[Source "ChessBase"]
[SourceDate "2024.09.30"]
[SourceVersion "1"]
[SourceVersionDate "2024.09.30"]
[SourceQuality "1"]

1. d4 Nf6 2. c4 e6 3. Nf3 d5 4. Nc3 dxc4 5. e3 a6 6. a4 c5 7. Bxc4 Nc6 8. 0-0 Be7 9. dxc5 Qxd1 10. Rxd1 Bxc5 11. Ng5 Ke7 12. Nce4 Bb4 13. Bd2 Nxe4 14. Nxe4 f5 15. Nc3 Rd8 16. e4 Kf8 17. exf5 exf5 18. Bg5 Re8 19. Re1 Bd7 20. Rad1 Rxe1+ 21. Rxe1 Bxc3 22. bxc3 Re8 23. Be3 Be6 24. Bc5+ Kf7 25. Bxe6+ Rxe6 26. Rb1 Na5 27. Kf1 1/2-1/2

[Event "Cambridge op 2nd"]
[Site "Cambridge"]
[Date "2024.02.21"]
[Round "4"]
[White "Evans, Ruben Nangalia"]
[Black "Asgarova, Turan Nizami Qizi"]
[Result "1/2-1/2"]
[WhiteElo "1647"]
[BlackElo "1988"]
[PlyCount "55"]
[EventDate "2024.02.19"]
[EventType "swiss"]
[EventRounds "9"]
[EventCountry "ENG"]
[SourceTitle "CBM 218 Extra"]
[Source "ChessBase"]
[SourceDate "2024.03.31"]
[SourceVersion "1"]
[SourceVersionDate "2024.03.31"]
[SourceQuality "1"]

1. d4 Nf6 2. c4 g6 3. Nc3 Bg7 4. e4 d6 5. f4 0-0 6. Nf3 c5 7. d5 e6 8. Be2 exd5 9. cxd5 Re8 10. e5 dxe5 11. fxe5 Ng4 12. e6 fxe6 13. d6 a6 14. 0-0 Bd7 15. Ne4 Bc6 16. Nfg5 Nh6 17. Bc4 Bxe4 18. Nxe4 Nf5 19. Bg5 Bd4+ 20. Kh1 Qb6 21. Qe2 Nd7 22. Be7 Nf8 23. Rxf5 gxf5 24. Ng5 Qxb2 25. Qxb2 Bxb2 26. Rb1 Bd4 27. Bxf8 b5 28. Bxe6+ 1/2-1/2

[Event "Cambridge op 2nd"]
[Site "Cambridge"]
[Date "2024.02.19"]
[Round "1"]
[White "Samarakoon, Vivash Ransara"]
[Black "Evans, Ruben Nangalia"]
[Result "1-0"]
[WhiteElo "1864"]
[BlackElo "1647"]
[PlyCount "151"]
[EventDate "2024.02.19"]
[EventType "swiss"]
[EventRounds "9"]
[EventCountry "ENG"]
[SourceTitle "CBM 218 Extra"]
[Source "ChessBase"]
[SourceDate "2024.03.31"]
[SourceVersion "1"]
[SourceVersionDate "2024.03.31"]
[SourceQuality "1"]

1. e4 e6 2. d4 d5 3. e5 c5 4. c3 Nc6 5. Nf3 Nge7 6. Bd3 cxd4 7. cxd4 Nf5 8. Bxf5 exf5 9. 0-0 Be6 10. Nc3 Be7 11. Ne1 g5 12. f4 Rc8 13. fxg5 Nxd4 14. Be3 Nc6 15. Nf3 d4 16. Nxd4 Bxg5 17. Bxg5 Qxg5 18. Nxc6 Rxc6 19. Rf3 Qd8 20. Qe1 Qb6+ 21. Kh1 h5 22. Qh4 Qd8 23. Qg3 Qe7 24. Rd3 h4 25. Qg7 Qf8 26. Qf6 Bd7 27. Qg5 Qh6 28. Qxh6 Rhxh6 29. Nd5 h3 30. Nf6+ Rcxf6 31. exf6 Bc6 32. Re1+ Be4 33. Kg1 Rxf6 34. Rxh3 Rd6 35. Rhe3 Kf8 36. R3e2 a5 37. Rc1 b6 38. Kf2 Kg7 39. Rc3 Kf6 40. Rc7 Rd8 41. h3 Rd3 42. Rc8 Rd1 43. Rb8 Rd6 44. Rh8 Kg6 45. Rc8 Kf6 46. Ke1 Kg5 47. Rd2 Re6 48. Kf2 Re5 49. Rg8+ Kh6 50. Rd6+ Kh7 51. Rg3 b5 52. Rd7 Bd5 53. Re3 Rxe3 54. Kxe3 Bxa2 55. Kf4 Kg6 56. Rd6+ f6 57. Rb6 Bc4 58. h4 Be2 59. Rc6 a4 60. Rc5 Bd3 61. Rd5 Be4 62. Rxb5 Bxg2 63. Rxf5 Bh3 64. Ra5 Bd7 65. Ra7 Bc6 66. h5+ Kxh5 67. Kf5 Kh4 68. Rg7 Bd5 69. Rg4+ Kh3 70. Rxa4 Kg3 71. Kxf6 Kf3 72. Rd4 Bc6 73. b4 Ke3 74. Ke5 Bb5 75. Rd5 Bc4 76. b5 1-0

[Event "ENG-ch U14"]
[Site "Torquay"]
[Date "2022.08.09"]
[Round "3"]
[White "Buanne, Luca"]
[Black "Evans, Ruben Nangalia"]
[Result "1-0"]
[WhiteElo "1979"]
[BlackElo "1533"]
[PlyCount "107"]
[EventDate "2022.08.08"]
[EventType "swiss"]
[EventRounds "7"]
[EventCountry "ENG"]
[SourceTitle "EXT 2023"]
[Source "ChessBase"]
[SourceDate "2022.10.05"]
[SourceVersion "1"]
[SourceVersionDate "2022.10.05"]
[SourceQuality "1"]

1. d4 d5 2. c4 e6 3. Nf3 Nf6 4. g3 b6 5. cxd5 exd5 6. Bg2 Bb7 7. 0-0 Be7 8. Nc3 0-0 9. Ne5 Nbd7 10. Qa4 Nxe5 11. dxe5 Nd7 12. Nxd5 Nc5 13. Qd1 Bxd5 14. Bxd5 Rc8 15. Bc6 Qxd1 16. Rxd1 Rcd8 17. Bd2 Ne6 18. Bc3 Rxd1+ 19. Rxd1 Rd8 20. Rxd8+ Nxd8 21. Bd5 a5 22. a3 a4 23. f4 Kf8 24. e3 Ke8 25. f5 g6 26. g4 c6 27. Ba2 Bg5 28. Kf2 Nb7 29. Bd4 b5 30. e6 fxe6 31. Bxe6 Ke7 32. Bg8 c5 33. Bc3 gxf5 34. gxf5 h6 35. e4 Bf4 36. Bd5 Nd6 37. f6+ Kf8 38. e5 Nf5 39. h3 Nd4 40. e6 Nf5 41. e7+ Nxe7 42. fxe7+ Kxe7 43. Bc6 b4 44. axb4 Bd6 45. b5 Kd8 46. b6 c4 47. b7 Kc7 48. Bd5 h5 49. Ke3 Bg3 50. Kd4 h4 51. Kxc4 Bd6 52. Kb5 Kb8 53. Ka6 Bf4 54. Bd4 1-0

[Event "Robinson Cup"]
[Site "Cardiff"]
[Date "2022.07.20"]
[Round "3.3"]
[White "Liu, Jason1"]
[Black "Evans, Ruben Nangalia"]
[Result "1/2-1/2"]
[WhiteElo "1746"]
[BlackElo "1504"]
[PlyCount "43"]
[EventDate "2022.07.19"]
[EventType "team-tourn"]
[EventRounds "6"]
[EventCountry "WLS"]
[SourceTitle "CBM 210 Extra"]
[Source "ChessBase"]
[SourceDate "2022.11.30"]
[SourceVersion "1"]
[SourceVersionDate "2022.11.30"]
[SourceQuality "1"]
[WhiteTeam "Ireland"]
[BlackTeam "England"]
[WhiteTeamCountry "IRL"]
[BlackTeamCountry "ENG"]

1. e4 e6 2. b3 d5 3. Bb2 Nf6 4. e5 Nfd7 5. d4 c5 6. c3 Nc6 7. f4 a6 8. Nf3 b5 9. Bd3 Nb6 10. 0-0 Be7 11. Nbd2 c4 12. Bc2 a5 13. Qe1 Ba6 14. f5 b4 15. Qg3 g6 16. fxe6 fxe6 17. bxc4 Nxc4 18. Nxc4 Bxc4 19. Rfc1 a4 20. cxb4 Nxb4 21. Qh3 Kd7 22. Nd2 1/2-1/2

[Event "London Classic op U2050-A 11th"]
[Site "London"]
[Date "2019.12.01"]
[Round "4"]
[White "Evans, Ruben Nangalia"]
[Black "Ong, Weng Yan"]
[Result "1/2-1/2"]
[WhiteElo "1458"]
[BlackElo "1703"]
[PlyCount "46"]
[EventDate "2019.11.29"]
[EventType "swiss"]
[EventRounds "5"]
[EventCountry "ENG"]
[SourceTitle "CBM 195 Extra"]
[Source "ChessBase"]
[SourceDate "2020.05.31"]
[SourceVersion "1"]
[SourceVersionDate "2020.05.31"]
[SourceQuality "1"]

1. d4 c5 2. d5 e5 3. c4 d6 4. Nc3 Be7 5. e4 Bg5 6. Bd3 Bxc1 7. Qxc1 Nf6 8. Nge2 0-0 9. 0-0 Ne8 10. f4 exf4 11. Nxf4 Nd7 12. Qc2 Ne5 13. Rae1 Nf6 14. Be2 a6 15. b3 Bd7 16. Nd3 Re8 17. Nxe5 Rxe5 18. Bd3 Qe8 19. h3 Qc8 20. Rf3 Be8 21. Qf2 Nd7 22. Kh2 Re7 23. Qh4 Re5 1/2-1/2